| 000 | 01077nam a22002537a 4500 | ||
|---|---|---|---|
| 005 | 20170124103048.0 | ||
| 010 | _aA-761007 | ||
| 020 | _c75.00 | ||
| 035 | _aA-761007 | ||
| 037 | _bCen Lib/Ret | ||
| 040 |
_aDPL _bHN |
||
| 082 |
_aक _bभास्कर |
||
| 100 |
_aभास्कर राव _969906 |
||
| 245 |
_aआतंक तथा अन्य कहानियां / _cभास्कर राव |
||
| 246 |
_aAatank tatha anye kahaniyan / _bby Bhaskar Rao |
||
| 260 |
_aनई दिल्ली _bइतिहास शोध-संस्थान _c1995 |
||
| 270 |
_aभूल भुल्लैया रोड, महरौली _bनई दिल्ली _e110030 |
||
| 300 |
_a169पृ. _c17सेमी (सजिल्द) |
||
| 650 |
_a हिन्दी साहित्य _969907 |
||
| 650 |
_a हिन्दी साहित्य --लघु कथाएँ _954925 |
||
| 650 |
_aHindi literature _969908 |
||
| 650 |
_aHindi literature --Short Stories _969909 |
||
| 942 |
_2ddc _cHN _hक _mभास्कर |
||
| 999 |
_c117069 _d117069 |
||